000 00669nam a22001937a 4500
005 20170823123356.0
010 _aENG-119999
020 _c500.00
_a9788185835853
035 _aEN-103531
037 _bDBAD/PUB
082 _a332.45
245 _aEfficacy of financial inclusion policies and way ahead /
_cedited by Sher Singh Sangwan [and] Gagan Deep
260 _aChandigarh
_bCentre for Research in Rural and Industrial Development (CRRID)
_c2017
270 _aSector-19A, Madhya Marg,
_bChandigarh
_e160019
300 _axx,427p. :
_c24cm(Hb)
_bill.
700 _aSangwan, Sher Singh
700 _aGagan Deep
942 _2ddc
_cEN
_h332.45
_mEFF
999 _c143683
_d143683